000 00575nam a2200205 4500
001 17158
005 20230410123437.0
008 060907n2004 dr spa
020 _a0205343503
035 _9funglode17293
041 _aEN
050 1 4 _aKF 2750 M628l 2004
100 _aMiddleton, Kent R.
245 1 4 _aThe law of public communication /
_cKent R. Middleton, William E. Lee, Bill F. Chamberlin
250 _a6
260 _aBoston :
_bPearson,
_c2004
300 _ax, 614 p.
700 _aLee, William E. \ Chamberlin, Bill F.
942 _2lcc
_cbk
999 _c61540
_d61540